Grain and pulse crops / (Record no. 524)

MARC details
000 -LEADER
fixed length control field 00498nam a22001937a 4500
001 - CONTROL NUMBER
control field BD-DhSAU 524
003 - CONTROL NUMBER IDENTIFIER
control field BD-DhSAU
005 - DATE AND TIME OF LATEST TRANSACTION
control field 20150104204101.0
008 - FIXED-LENGTH DATA ELEMENTS--GENERAL INFORMATION
fixed length control field 150101b1974 ii |||| |||| 000 0 eng d
040 ## - CATALOGING SOURCE
Transcribing agency BD-DhSAU
082 ## - DEWEY DECIMAL CLASSIFICATION NUMBER
Edition number 22
Classification number 633.10947
Item number GRA
245 ## - TITLE STATEMENT
Title Grain and pulse crops /
Statement of responsibility, etc. Translated from Russian.
260 ## - PUBLICATION, DISTRIBUTION, ETC. (IMPRINT)
Place of publication, distribution, etc. New Delhi :
Name of publisher, distributor, etc. Oxford & IBH publishing Co. ;
Date of publication, distribution, etc. c1974
300 ## - PHYSICAL DESCRIPTION
Extent ix, 287 p. :
Other physical details 23 cm.
590 ## - Name of Cataloguer
Name of Cataloger joy
650 ## - SUBJECT ADDED ENTRY--TOPICAL TERM
Topical term or geographic name as entry element Agronomy
650 ## - SUBJECT ADDED ENTRY--TOPICAL TERM
Topical term or geographic name as entry element Pulse
650 ## - SUBJECT ADDED ENTRY--TOPICAL TERM
Topical term or geographic name as entry element Grain
942 ## - ADDED ENTRY ELEMENTS (KOHA)
Source of classification or shelving scheme Dewey Decimal Classification
Koha item type Book
Holdings
Withdrawn status Lost status Source of classification or shelving scheme Damaged status Not for loan Home library Branch Name Shelving location Date acquired Total Checkouts Full call number Barcode Date last seen Price effective from Koha item type Collection code
    Dewey Decimal Classification     SAU Library SAU Library General Stacks 20/08/1996   633.10947 GRA 26466 01/01/2015 01/01/2015 Book  
    Dewey Decimal Classification     SAU Library SAU Library General Stacks 20/08/1996   633.10947 GRA 26467 04/01/2015 04/01/2015 Book  
    Dewey Decimal Classification     SAU Library SAU Library General Stacks 20/08/1996   633.10947 GRA 26468 04/01/2015 04/01/2015 Book  
    Dewey Decimal Classification     SAU Library SAU Library General Stacks 20/08/1996   633.10947 GRA 26465 23/02/2015 23/02/2015 Book  
    Dewey Decimal Classification   Not For Loan SAU Library SAU Library Reference 20/08/1996   633.10947 GRA 26464 19/04/2015 19/04/2015 Book Reference